Non-conventional sources of energy (Record no. 346956)

000 -LEADER
fixed length control field 00318cam a22001217a 4500
008 - FIXED-LENGTH DATA ELEMENTS--GENERAL INFORMATION
fixed length control field 180718b1986 xxu||||| |||| 00| 0 eng d
082 ## - DEWEY DECIMAL CLASSIFICATION NUMBER
Classification number Y26 J199
100 ## - MAIN ENTRY--PERSONAL NAME
Personal name Jain, H.C.
245 ## - TITLE STATEMENT
Title Non-conventional sources of energy
Statement of responsibility, etc. by H.C. Jain
260 ## - PUBLICATION, DISTRIBUTION, ETC.
Place of publication, distribution, etc. Delhi
Name of publisher, distributor, etc. Sterling
Date of publication, distribution, etc. 1986
300 ## - PHYSICAL DESCRIPTION
Extent 79p.
650 ## - SUBJECT ADDED ENTRY--TOPICAL TERM
Topical term or geographic name entry element Energy resources
Holdings
Withdrawn status Lost status Damaged status Not for loan Permanent Location Current Location Date acquired Full call number Barcode Date last seen Price effective from Koha item type
        Indian Institute of Public Administration Indian Institute of Public Administration 1993-10-13 Y26 J199 62519 2018-07-21 2018-07-21 Book

Powered by Koha